000 00689nam a22002297a 4500
005 20250902112100.0
008 250902b |||||||| |||| 00| 0 eng d
020 _a978-93-95041-16-4 (hbk)
037 _cTB
040 _aCRL
_cCRL
041 _2URD
_aURD
084 _aΔ73y7G74 168R3
_bCRL
100 _aAnisa Khatoon
_9819694
245 _aHazrat Shaikh Naseeruddin Chiragh Delhi
260 _aNew Delhi, India:
_bAzra Book Traders,
_c2023.
300 _a160p.
365 _b250.00
_cINR
650 _aMysticism
650 _aSufism
942 _2CC
_cTB
_hΔ73y7G74 168R3
_n0
999 _c1435041
_d1435041